Autobiography Of A Yogi (Record no. 323305)

MARC details
000 -LEADER
fixed length control field 00421nam a2200157Ia 4500
008 - FIXED-LENGTH DATA ELEMENTS--GENERAL INFORMATION
fixed length control field 230718s9999 xx 000 0 und d
041 ## - LANGUAGE CODE
Language code of text/sound track or separate title eng
082 ## - DEWEY DECIMAL CLASSIFICATION NUMBER
Classification number 294.5'5
Item number YOG
100 ## - MAIN ENTRY--PERSONAL NAME
Personal name Yogananda P.
9 (RLIN) 107579
245 ## - TITLE STATEMENT
Title Autobiography Of A Yogi
260 ## - PUBLICATION, DISTRIBUTION, ETC. (IMPRINT)
Date of publication, distribution, etc. 2005
Name of publisher, distributor, etc. English Edition
300 ## - PHYSICAL DESCRIPTION
Extent 492
365 ## - TRADE PRICE
Currency code Rs.
Price amount 200.00
700 ## - ADDED ENTRY--PERSONAL NAME
Personal name Yogananda P.
9 (RLIN) 107579
906 ## - LOCAL DATA ELEMENT F, LDF (RLIN)
d O:0043702-Jan-2010B:59230-Oct-2009
c GENRL
b 40
Holdings
Withdrawn status Lost status Source of classification or shelving scheme Damaged status Not for loan Home library Current library Date acquired Vendor Budget Code Cost, normal purchase price Bill number Full call number Barcode Date last seen Discount Cost, replacement price Bill Date Koha item type Original Barcode
    Dewey Decimal Classification     Cummins College of Engineering for Women Pune Cummins College of Engineering for Women Pune 02/01/2010 Pradeep Book Distributors GENRL 160.00 592 294.5'5 CCEP-BK-34512 02/01/2024 40 200.00 30/10/2009 Books 034512